Statystyki dla Focus 5 vocab pt.1

Kliknij tutaj aby rozwiązać quiz!

Ogólne statystyki

  • Ten quiz został rozwiązany 4 razy
  • Średni wynik to 2 z 38

Statystyki odpowiedzi

słowotłumaczenie% Poprawnych
be realisticbyć realistą
75%
birthday treatniespodzianka urodzinowa
25%
thankfulwdzięczny
25%
free willwolna wola
25%
iron willżelazna wola
25%
unprejudicedbezstronny
0%
sharpbystry, błyskotliwy
0%
see the best in peopledostrzegać w ludziach dobro
0%
diminutive staturedrobna postura
0%
idealisticidealistyczny
0%
lofty heightsimponująca wysokość
0%
compromiseiść na kompromis
0%
suffer/face hardshipsmieć ciężko, doznawać trudności
0%
not bat an eyelidnawet nie mrugnąć okiem
0%
imposing statureokazała postura
0%
flatterpochlebiać
0%
ripe old agepodeszły wiek
0%
possessposiadać
0%
put one's foot downpostawić na swoim
0%
require approvalpotrzebować aprobaty
0%
impracticalpozbawiony zmysłu praktycznego
0%
forthright mannerprostolinijność
0%
irreverentprześmiewczy, lekceważący, zuchwały
0%
conjure up memoriesprzywołać wspomnienia
0%
put on a brave facerobić dobrą minę do złej gry
0%
nod in approvalskinąć głową z aprobatą
0%
unassuming mannerskromny, powściągliwy sposób bycia
0%
modest presenceskromny, powściągliwy sposób bycia
0%
home-baked treatsmakołyk domowego wypieku
0%
down-to-earthtwardo stąpający po ziemi, praktyczny
0%
obstinateuparty
0%
considerateuprzejmy, liczący się z innymi
0%
faithfulwierny, lojalny
0%
reach the dizzy heightswspiąć się na zawrotną wysokość
0%
more than one's fair sharewyjątkowo dużo czegoś (np. trudności, problemów)
0%
blot out memorieswymazać z pamięci wspomnienia
0%
touchedwzruszony
0%
clutteredzagracony
0%

Rozkład punktacji

Percentyl według liczby udzielonych odpowiedzi

Procent ludzi z każdym wynikiem

Twoja historia wyników

Nie rozwiązałeś tego quizu